| 000 | 00431nam a22001457a 4500 | ||
|---|---|---|---|
| 999 |
_c7744 _d7742 |
||
| 005 | 20210324103932.0 | ||
| 008 | 210324b ||||| |||| 00| 0 eng d | ||
| 082 | _a345.408 23 | ||
| 100 |
_aMANOHAR AND CHITALEY _96503 |
||
| 245 | _aTHE AIR MANUAL CIVIL AND CRIMINAL [CONSTITUTION OF INDIA, ARTICLE 226 TO 227, NOTE-49] | ||
| 260 |
_aNAGPUR _bTHE ALL INDIA REPORTER PVT.LTD |
||
| 300 | _a800,p | ||
| 650 |
_aLAW _95701 |
||
| 942 | _cJRL | ||